Doing real research: (Record no. 5)

MARC details
000 -LEADER
fixed length control field 00622nam a22002057a 4500
005 - DATE AND TIME OF LATEST TRANSACTION
control field 20221206074035.0
008 - FIXED-LENGTH DATA ELEMENTS--GENERAL INFORMATION
fixed length control field 221205b |||||||| |||| 00| 0 eng d
020 ## - INTERNATIONAL STANDARD BOOK NUMBER
International Standard Book Number 9781446273883
Qualifying information paper bag
020 ## - INTERNATIONAL STANDARD BOOK NUMBER
International Standard Book Number 9781446273876
Qualifying information paper bag
040 ## - CATALOGING SOURCE
Original cataloging agency KMU
Transcribing agency KMU
050 ## - LIBRARY OF CONGRESS CALL NUMBER
Classification number H 62 Jen 2016
100 ## - MAIN ENTRY--PERSONAL NAME
Personal name Charles Laurie
245 ## - TITLE STATEMENT
Title Doing real research:
Remainder of title A practical guide to social research/
Statement of responsibility, etc. Charles Laurie and Eric Allen Jensen
260 ## - PUBLICATION, DISTRIBUTION, ETC.
Place of publication, distribution, etc. London:
Name of publisher, distributor, etc. SAGE,
Date of publication, distribution, etc. 2016
300 ## - PHYSICAL DESCRIPTION
Extent xxiii,374 pages;
Other physical details illustration;
Dimensions 24cm
500 ## - GENERAL NOTE
General note includes index
650 ## - SUBJECT ADDED ENTRY--TOPICAL TERM
Source of heading or term Research
700 ## - ADDED ENTRY--PERSONAL NAME
Personal name Eric Allen Jensen
942 ## - ADDED ENTRY ELEMENTS (KOHA)
Source of classification or shelving scheme Library of Congress Classification
Koha item type Non-Fiction
Suppress in OPAC No
Holdings
Withdrawn status Lost status Source of classification or shelving scheme Damaged status Not for loan Collection Home library Current library Shelving location Date acquired Source of acquisition Total Checkouts Full call number Barcode Date last seen Price effective from Koha item type
    Library of Congress Classification     Non-fiction Kapasa Makasa University Kapasa Makasa University Open Access 05.12.2022 Book Aid   H 62 Jen 2016 749953 05.12.2022 05.12.2022 Non-Fiction